000
00406nam a22001697a 4500
003
MPLRDC
005
20220104114140.0
008
210129b ||||| |||| 00| 0 eng d
082
_a
855 LXJ
100
_a
思果等著; 林锡嘉编
245
_a
香港别情
_c
250
_a
初版
260
_a
_b
文学研究社
_c
1983
300
_b
平
650
_a
散文;随笔、日记
942
_c
BK
_o
855 LXJ
999
_c
5209
_d
5199